Lecture Notes On Environmental And Resource Economics A Theoretical Introduction

Salvato in:
Dettagli Bibliografici
Autore principale: Zeeuw, Aart De
Natura: Libro
Lingua:inglese
Pubblicazione: Singapore World Scientific Publishing 2025
Soggetti:
Tags: Aggiungi Tag
Nessun Tag, puoi essere il primo ad aggiungerne!!

MARC

LEADER 00000nam a2200000 4500
001 0312793
005 20251020140707.6
020 |a 9789819808021 
041 0 |a eng 
044 |a SG 
245 1 0 |a Lecture Notes On Environmental And Resource Economics  |b A Theoretical Introduction  |c Aart De Zeeuw 
264 1 |a Singapore  |b World Scientific Publishing  |c 2025 
300 |a 173 s. 
500 |a ProQuest e-books. 
610 2 0 |a ekonomika environmentálna 
610 2 0 |a ekonomika ekologická 
610 2 0 |a politika environmentálna 
610 2 0 |a politika medzinárodná 
610 2 0 |a dohody medzinárodné 
610 2 0 |a zdroje energie obnoviteľné 
610 2 0 |a rozvoj trvalo udržateľný 
100 1 |a Zeeuw, Aart De